<?xml version="1.0" encoding="UTF-8"?>
<record
    xmlns:xsi="http://www.w3.org/2001/XMLSchema-instance"
    xsi:schemaLocation="http://www.loc.gov/MARC21/slim http://www.loc.gov/standards/marcxml/schema/MARC21slim.xsd"
    xmlns="http://www.loc.gov/MARC21/slim">

  <leader>00197nam a22000857a 4500</leader>
  <controlfield tag="001">1239471</controlfield>
  <controlfield tag="005">20251007151429.0</controlfield>
  <datafield tag="245" ind1=" " ind2=" ">
    <subfield code="a">H&#x130;LAL U&#x11E;RUNA</subfield>
    <subfield code="c">AHMET YILMAZ BOYUNA&#x11E;A</subfield>
  </datafield>
  <datafield tag="260" ind1=" " ind2=" ">
    <subfield code="b">GEN&#xC7; T&#x130;MA&#x15E; YAY</subfield>
  </datafield>
  <datafield tag="999" ind1=" " ind2=" ">
    <subfield code="c">1239471</subfield>
    <subfield code="d">1239471</subfield>
  </datafield>
  <datafield tag="952" ind1=" " ind2=" ">
    <subfield code="0">0</subfield>
    <subfield code="1">0</subfield>
    <subfield code="2">ddc</subfield>
    <subfield code="4">0</subfield>
    <subfield code="7">0</subfield>
    <subfield code="a">1052</subfield>
    <subfield code="b">1052</subfield>
    <subfield code="d">2025-10-07</subfield>
    <subfield code="l">1</subfield>
    <subfield code="o">V1</subfield>
    <subfield code="p">10528546</subfield>
    <subfield code="r">2025-10-07 15:17:00</subfield>
    <subfield code="s">2025-10-07</subfield>
    <subfield code="w">2025-10-07</subfield>
    <subfield code="y">BK</subfield>
  </datafield>
</record>
